| 000 | 00992nam a22002177a 4500 | ||
|---|---|---|---|
| 999 |
_c3752 _d3752 |
||
| 003 | AR-CdUCM | ||
| 008 | 190307b ||||| |||| 00| 0 spa d | ||
| 040 |
_aMUNICIPALIDAD PROVINCIAL DEL CUSCO _cBIBLIOTECA MUNICIPAL DEL CUSCO |
||
| 082 |
_25ed. _a338.5 / _bK15 |
||
| 100 |
_aKafka, Folke _912131 |
||
| 245 | _aCasos y ensayos en economía de la empresa / | ||
| 260 |
_aLima : _bCentro de Investigaciónde la UP, _c1989. |
||
| 300 |
_a277 páginas ; _c21 cm. |
||
| 505 | _aContenido: La estimación de la demanda -- La estimación de funciones de costos -- Los precios de transferencia -- La minimización de costos: inventarios, transporte y pan sobrante -- El caso de la mejora en el atributo de un producto: la fecha de vencimiento -- El descreme del mercado -- Uso óptimo de capacidad ... | ||
| 650 |
_aEconomía empresarial _911289 |
||
| 650 |
_aEstudio de casos _98657 |
||
| 650 |
_aMicroeconomía _910071 |
||
| 650 |
_aEstudio de casos _98657 |
||
| 942 |
_2ddc _cLIBROS |
||
| 945 | _azta | ||